Niekoľko odporúčaní pre metodiku zavádzania E-learningu

Analýza požiadaviek na efektívny e-Learning, jeho ciele. Humanizácia e-Learningu. Požiadavky na vzdelávacie metódy a učebné štýly e-Learningu, ich klasifikácia. Didaktické problémy špecifické pre elektronické vzdelávanie.

Gespeichert in:
Bibliographische Detailangaben
1. Verfasser: Kalmová, Veronika
Format: Buchkapitel
Sprache:Slowakisch
Schlagworte:
Tags: Tag hinzufügen
Keine Tags, Fügen Sie das erste Tag hinzu!

MARC

LEADER 00000naa$a2200000$$$4500
001 0075267
005 20230918125702.1
041 0 |a slo 
044 |a SK 
245 1 0 |a Niekoľko odporúčaní pre metodiku zavádzania E-learningu  |c Veronika Kalmová 
520 |a Analýza požiadaviek na efektívny e-Learning, jeho ciele. Humanizácia e-Learningu. Požiadavky na vzdelávacie metódy a učebné štýly e-Learningu, ich klasifikácia. Didaktické problémy špecifické pre elektronické vzdelávanie. 
610 2 0 |a vzdelávanie elektronické 
610 2 0 |a vedomosti 
610 2 0 |a metodika 
610 2 0 |a inteligencia 
610 2 0 |a štýly učebné 
100 1 |a Kalmová, Veronika